Statistics for US States with the Highest Lowest Point

Click here to take the quiz!

General Stats

  • This quiz has been taken 71 times
  • The average score is 13 of 15

Answer Stats

ElevationState% Correct
3,317Colorado
100%
713Idaho
95%
1,804Montana
94%
2,180Utah
94%
679Kansas
92%
2,844New Mexico
92%
968South Dakota
91%
480Iowa
89%
751North Dakota
89%
3,101Wyoming
89%
481Nevada
85%
601Minnesota
83%
840Nebraska
83%
579Wisconsin
71%
571Michigan
64%

Score Distribution

Percentile by Number Answered

Percent of People with Each Score

Your Score History

You have not taken this quiz